| 000 | 00336nam a2200121Ia 4500 | ||
|---|---|---|---|
| 008 | 220217s9999||||xx |||||||||||||| ||und|| | ||
| 082 | _a004.165 SRI | ||
| 100 | _aSrinath, N.K | ||
| 245 | 0 | _aAdvanced microprocessor and microcontroller | |
| 260 |
_aPooja publications _bBangalore _c2001 |
||
| 300 | _b150 | ||
| 650 | _aMICROPROCESSOR | ||
| 999 |
_c167621 _d167621 |
||